| 000 -LEADER |
| fixed length control field |
01428nam a22001577a 4500 |
| 008 - FIXED-LENGTH DATA ELEMENTS--GENERAL INFORMATION |
| fixed length control field |
221215b ||||| |||| 00| 0 eng d |
| 100 ## - MAIN ENTRY--PERSONAL NAME |
| Personal name |
He, Qinghua et al |
| 245 ## - TITLE STATEMENT |
| Title |
The dark side of environmental sustainability in projects: Unraveling greenwashing behaviors |
| 260 ## - PUBLICATION, DISTRIBUTION, ETC. (IMPRINT) |
| Place of publication, distribution, etc |
Project Management Journal |
| 300 ## - PHYSICAL DESCRIPTION |
| Extent |
53(4), Aug, 2022: p.349-366 |
| 520 ## - SUMMARY, ETC. |
| Summary, etc |
Greenwashing behaviors (GWBs) are positive environmental communications in combination with poor environmental performance. Using fraud triangle theory, this study investigated the effects of three types of factors (pressures, opportunities, and rationalizations) that shape contractor GWBs. Primary data from 586 respondents were analyzed using structural equation modeling (SEM) and fuzzy-set qualitative comparative analysis (fsQCA). The SEM results indicate positive effects for these factors with the exception of isomorphic pressures and reveal the mediating role of rationalization. The fsQCA results present three configurational models that trigger GWBs. Theoretical and managerial implications are provided that shed new light on facilitating environmental sustainability in projects.- Reproduced
|
| 650 ## - SUBJECT ADDED ENTRY--TOPICAL TERM |
| Topical term or geographic name as entry element |
Greenwashing behaviors (GWBs), Fraud triangle theory, Structural equation modelling, Configuration analysis, Environmental sustainability |
| 9 (RLIN) |
34358 |
| 773 ## - HOST ITEM ENTRY |
| Main entry heading |
Project Management Journal |
| 906 ## - LOCAL DATA ELEMENT F, LDF (RLIN) |
| Subject DIP |
ENVIRONMENT |
| 942 ## - ADDED ENTRY ELEMENTS (KOHA) |
| Item type |
Articles |